000 00647nam a22002537a 4500
003 UA-OsUOA
001 25846
007 ta
008 20040428b un ||||| |||| 00| 0 ukr d
100 _aЯгодка А.Г.
090 _a364.48(075)
_bЯ30
942 _cBK
040 _aUA-OsUOA
_bukr
_cUA-OsUOA
_dUA-OsUOA
245 _aСоціальна інфрастуктура і політика
_bНавчальний посібник
300 _a212 с.
955 _a0
041 _aukr
080 _a364.48(075)
020 _a966-574-074-1
260 _aКиїв
_bКНЕУ
_c2000
044 _aUA
650 7 _2UDC
999 _c312151
_d312151